تحميل...
Swapnam /
| المؤلف الرئيسي: | |
|---|---|
| التنسيق: | Printed Book |
| اللغة: | Malayalam |
| منشور في: |
Kottayam :
Sahitya Pravarthaka Co-operative Society ,
1969.
|
| LEADER | 00558cam a2200181ua 4500 | ||
|---|---|---|---|
| 020 | |c 3.00 | ||
| 041 | |a mal | ||
| 082 | |a 894.812308 |b KES/SW | ||
| 100 | |a Kesavadev, P . | ||
| 245 | |a Swapnam / |c P Kesavadev. |h Textual Documents | ||
| 260 | |a Kottayam : |b Sahitya Pravarthaka Co-operative Society , |c 1969. | ||
| 300 | |a 196 ; . | ||
| 365 | |a 3.00 | ||
| 504 | |||
| 541 | |e 12670 |h 3.00 | ||
| 942 | |c BK | ||
| 999 | |c 33499 |d 33499 | ||
| 952 | |0 0 |1 0 |4 0 |6 894_812308000000000 |7 0 |9 43985 |a KAUAET |b KAUAET |d 2012-04-07 |m 0 |o 894.812308 |p KAU_KCAET-12670 |r 2012-04-07 |w 2012-04-07 |y BK | ||